书目信息 |
| 题名: |
中华人民共和国药典中药彩色图集
|
|
| 作者: | ;中华人民共和国卫生部药典委员会 编 | |
| 分册: | ||
| 出版信息: | 广州 广东科技出版社 1996 |
|
| 页数: | 519页 | |
| 开本: | 28cm | |
| 丛书名: | ||
| 单 册: | ||
| 中图分类: | R921.2 | |
| 科图分类: | ||
| 主题词: | 中药-药典--中国--1995--图集 , 药典-中药--中国--1995--图集 | |
| 电子资源: | ||
| ISBN: | 7-5359-1541-8 | |
| 000 | 00850nam0 2200217 45 | |
| 001 | 0197105523 | |
| 005 | 20051027103514.07 | |
| 010 | @a7-5359-1541-8@b精装@dCNY280.00 | |
| 100 | @a19970321d1996 em y0chiy0120 ea | |
| 101 | 0 | @achi |
| 102 | @aCN@b440000 | |
| 105 | @aa z 000yy | |
| 200 | 10 | @a中华人民共和国药典中药彩色图集@Azhong hua ren min gong he guo yao dian zhong yao cai se tu ji@e1995年版@f中华人民共和国卫生部药典委员会编@Fzhong hua ren min gong he guo wei sheng bu yao dian wei yuan hui bian |
| 210 | @a广州@c广东科技出版社@d1996 | |
| 215 | @a519页@d28cm | |
| 606 | @a中药-药典@y中国@z1995@x图集 | |
| 606 | @a药典-中药@y中国@z1995@x图集 | |
| 690 | @aR921.2@v3 | |
| 711 | 0 | @a中华人民共和国卫生部药典委员会@Azhong hua ren min gong he guo wei sheng bu yao dian wei yuan hui@4编 |
| 801 | 0 | @aCN@bTSSF@c20051027 |
| 905 | @a10447@dR921.2@e11(+) | |
| 中华人民共和国药典中药彩色图集:1995年版/中华人民共和国卫生部药典委员会编.-广州:广东科技出版社,1996 |
| 519页;28cm |
| ISBN 7-5359-1541-8(精装):CNY280.00 |
| ● |
| 相关链接 |
|
|
|
|
正题名:中华人民共和国药典中药彩色图集
索取号:R921.2/11(+)
 
预约/预借
| 序号 | 登录号 | 条形码 | 馆藏地/架位号 | 状态 | 备注 |
| 1 | 0280265 | 002802658 | 第二样本阅览室/ [索取号:R921.2/11(+)] | 在馆 | |
| 2 | 0280266 | 002802667 | 工具书阅览室/ [索取号:R921.2/11(+)] | 在馆 |